| 000 | 00544nam a2200181Ia 4500 | ||
|---|---|---|---|
| 008 | 090711s9999 xx 000 0 und d | ||
| 082 | _b16964 | ||
| 100 | _aनायक हरिश | ||
| 245 | _aजिंकु अथवा मरु | ||
| 260 | _c1965 | ||
| 300 | _a90 | ||
| 600 | _aनायक हरिश | ||
| 630 | _aजिंकु अथवा मरु | ||
| 700 | _aनायक हरिश | ||
| 700 | _aधर्माधिकारी भाऊ | ||
| 730 | _aजिंकु अथवा मरु | ||
| 942 | _cBOOK | ||
| 999 |
_c295973 _d295973 |
||